Loading...
Science - Physics | 0 | 7 | 0 | 0 | 70 | 30 | 69.43 | 5 | 7 |
History - Other History | 0 | 2 | 0 | 1 | 20 | 102 | 119.50 | 0 | 2 |
History - European History | 0 | 2 | 0 | 1 | 20 | 91 | 110.00 | 1 | 2 |
Mythology | 0 | 2 | 1 | 1 | 15 | 105 | 119.00 | 1 | 2 |
Social Science | 0 | 1 | 0 | 0 | 10 | 61 | 61.00 | 1 | 1 |
Literature - British Literature | 0 | 1 | 0 | 0 | 10 | 106 | 106.00 | 1 | 1 |
Other | 0 | 1 | 0 | 0 | 10 | 97 | 97.00 | 0 | 1 |
Religion | 0 | 1 | 0 | 1 | 10 | 128 | 128.00 | 1 | 1 |
Science - Chemistry | 0 | 1 | 1 | 0 | 5 | 107 | 107.00 | 1 | 1 |
Science - Other Science | 0 | 0 | 1 | 0 | -5 | 0.00 | 0 | 0 | |
History - American History | 0 | 0 | 1 | 0 | -5 | 0.00 | 0 | 0 |